000 00476nam a2200181Ia 4500
003 SGT
020 _a9789381420256
082 _a330
_bJAI
100 _aJain,T.R
245 _aEconomics for engineers
260 _bV K Publishers
_aNew Delhi
_c2011
300 _a303p.
650 _aECONOMICS ENGINEERING
653 _aDEFINITION OF ECONOMICS OF ECONOMICS, NATURE OF ECONOMIC PROBLEM AND PRODUCTION
700 _aKhanna,O.P.
700 _aOhri,V.K
942 _2ddc
_cBK
_01
999 _c5284
_d5284